| 000 | 00872cam a22001814a 4500 | ||
|---|---|---|---|
| 005 | 20250605164403.0 | ||
| 008 | 250528s ||||||||||||||||||||||||d | ||
| 035 | _a24694 | ||
| 040 |
_aGR-AtMCL _bgre _dGR-AtMCL _eAACR2 |
||
| 245 | 1 | _aΜπλόκο στις Ορέξεις Ερντογάν ΑΟΖ Ελλάδας - Αιγύπτου στη ΝΑ. Μεσόγειο / Συμφωνία και με την Ιταλία, ο Μητσοτάκης στο Ισραήλ, Απομόνωση Τουρκίας | |
| 260 | _c2020 | ||
| 300 | _a46 | ||
| 520 | _aΎφεση Σοκ Ύψους 35% τον Απρίλιο, Μέχρι Ιούλιο η Τιτλοποίηση 200 Εκατ. Ευρώ, Κόπηκαν τα Χειρουργεία και Πτώση Τζίρου 50%. | ||
| 700 | 1 |
_aΚανουπάκης Γιάννης _99504 |
|
| 942 | _cCR | ||
| 999 |
_c9561 _d9561 |
||